|
|
|
|
| LEADER |
00000nab a2200000 a 4500 |
| 001 |
vtls000524962 |
| 003 |
SK-MaSNL |
| 005 |
20260303010404.0 |
| 008 |
120928c1994 xo 0 slo |
| 015 |
|
|
|a SNBRB19rr/mm-uuuuu
|
| 035 |
|
|
|a CL0525100
|
| 040 |
|
|
|a SNKBUCL
|b slo
|c SNKBUCL
|e AACR2
|
| 041 |
0 |
|
|a slo
|
| 044 |
|
|
|a xo
|c SK
|
| 080 |
|
|
|a 730.071.1:061.4
|2 1981
|
| 100 |
0 |
|
|a (mag)
|4 aut
|9 868877
|
| 245 |
1 |
0 |
|a Tvary a farby života
|b Výstava Š. Pelikána v Rajeckých Tepliciach
|c (mag)
|
| 300 |
|
|
|b Fotogr. 1
|
| 600 |
1 |
7 |
|a Pelikán, Štefan,
|d 1935-2020
|2 snkbucl
|9 201828
|
| 648 |
|
7 |
|a 1994
|2 snkbucl
|9 270209
|
| 650 |
0 |
7 |
|a výstavy
|2 snkbucl
|9 2780
|
| 651 |
|
7 |
|a Rajecké Teplice (Slovensko)
|2 snkbucl
|9 25477
|
| 655 |
|
7 |
|a články z novín a časopisov
|2 snkbucl
|9 267496
|
| 773 |
0 |
|
|t Slovenská republika
|g Roč. 1, č. 93 (30. 8. 1994), s. 8
|
| 850 |
|
|
|a Slovenská národná knižnica v Martine
|a MTA001
|
| 852 |
|
|
|a SNK
|b KIS3GCP
|
| 958 |
|
|
|a RK
|
| 992 |
|
|
|a RBX
|
| 999 |
|
|
|c 1586835
|d 1588765
|